000 01050nam a2200253 a 4500
001 000042877
005 20201002040451.0
008 140211s1976 sp 000 0 spa d
020 _z843351705X
040 _aDO-SdBNP
_bspa
_cBNPHU
041 1 7 _aspa
_heng
082 _axxx
_bP762c
100 1 _aPolanyi, Karl,
_d1886-1964.
_970297
240 1 0 _aTrade and market in the early empires; economies in history and theory
_lEspañol
245 1 0 _aComercio y Mercado en los Imperios Antiguos /
_cKarl Polanyi ; dirigido por Karl Polanyi, Conrad M. Arensberg, Harry W. Pearson ; traducido del inglés por Alberto Nicolás ; traducción de la presentación de M. Godelier por J. Martinez Alier.
260 _aBarcelona :
_bLabor,
_c1976.
300 _a428 p. ;
_c22 cm.
490 1 _aLabor universitaria
_amonografías.
700 1 2 _aArensberg, Conrad M.
_970298
700 1 2 _aNicolás, Alberto
_970299
700 1 2 _aMartínez Alier, Joan
_d1939-
_etr.
_970300
700 1 2 _aPearson, Harry W.
_970301
830 0 _aLabor universitaria
_pmonografías.
_970302
999 _c42366
_d42366